LEADER 00834nam a2200205 u 4500 001 000000025552 003 CaOOAMICUS 005 20070226111457.0 008 951004s1937 it u000 u ita u 035 $a10657621 040 $aMSA$bita$dPUL(R) 100 1 $aTilgher, Adriano,$d1887-1941.$0(OLS)http://pul/name/4779 245 10$aFilosofia delle morali :$bstudio sulle forze, le forme, gli stili della vita morale /$cAdriano Tilgher. 260 $aRoma :$bBardi,$c1937. 300 $a278 p. ;$c21 cm 850 $aPUL 852 $aPUL$W1$xDP2 Filosofia 1$y62$m94 G 4$j35713$nBK-PRI$b $qStampati$B35713$CPULBib$Z2$F35713 $81 941 1 $a8 996 $6245$aFilosofia delle morali :$bstudio sulle forze, le forme, gli stili della vita morale$9(OLS)http://pul/title/35197 996 $6260$aRoma :$bBardi$9(OLS)http://pul/publisher/48306 LEADER 01190nam a2200289 a 4500 001 000000166790 003 CaOOAMICUS 005 20180320102312.0 008 180320s1960 it a u000 u ita r 032 $aLibriCat 040 $aPUL$bita 041 1 $aita$hfre 100 1 $aSauvage, Micheline.$0(OLS)http://pul/name/53989 240 10$aSocrate et la conscience de l'homme.$lItaliano.$0(OLS)http://pul/title/206549 245 10$aSocrate /$cMicheline Sauvage ; traduzione di Anna Piaggi. 260 $a[Milano] :$bA. Mondadori,$c1960. 300 $a190 p. :$bill. ;$c18 cm. 490 1 $aEnciclopedia popolare Mondadori 600 04$aSocrates,$dca. 470-c. 399 a.C.$xCritica e interpretazione.$0(OLS)http://pul/subject/6002 700 1 $aPiaggi, Anna.$0(OLS)http://pul/name/107581 830 0$aEnciclopedia popolare Mondadori.$0(OLS)http://pul/title/43655 850 $aPUL 852 $aPUL$W1$xDP1 Fondo Dalla Palma$y117$m1 B 27$j41685$qFondi$B194238$CPULBib$Z2$F194238 $HDal2782 $81 941 1 $a1 996 $6245$aSocrate$9(OLS)http://pul/title/24757 996 $6260$a[Milano] :$bA. Mondadori$9(OLS)http://pul/publisher/51887